Statistics for Will Smith : A National Concern

Click here to take the quiz!

General Stats

  • This quiz has been taken 8,648 times
  • The average score is 11 of 18

Answer Stats

HintAnswer% Correct
Sitcom he starred in from 1990–1996The Fresh Prince of Bel-Air
94%
Person he slapped at the Oscar award ceremonyChris Rock
93%
Movie franchise he starred in alongside Tommy Lee JonesMen in Black
83%
City in which he was "born and raised"Philadelphia
83%
First name of Will's wifeJada
82%
His son who starred in the 2010 remake of "The Karate Kid"{Jaden} Smith
77%
His daughter who is a singer{Willow} Smith
64%
Steam punk western movie with the initials WWWWild Wild West
63%
Movie for which he won an Oscar for Best Actor (hint: tennis)King Richard
62%
1996 movie in which he punched an alienIndependence Day
59%
Movie franchise he starred in with Martin LawrenceBad Boys
57%
Will Smith song about a city where "the heat is on, all night, on the beach
'til the break of dawn"
Miami
54%
Word, starting with J, that was added to the dictionary because
of a Will Smith song
Jiggy
51%
Comic book movie in which he played a villain named DeadshotSuicide Squad
51%
Rapper who said that, unlike Will Smith, he has to cuss to sell recordsEminem
49%
D.J. who started a hip hop duo with Will Smith in the 1980sD.J. Jazzy Jeff
45%
What Will is short for (no, it's not William)Willard
39%
African-American actress with whom Smith once expressed a desire to be in a
polyamorous relationship
Halle Berry
28%

Score Distribution

Percentile by Number Answered

Percent of People with Each Score

Your Score History

You have not taken this quiz